[Event "81st ch-ESP Rapid 2016"]
[Site "Linares ESP"]
[Date "2016.08.14"]
[Round "4.18"]
[White "Fernandez Torre, Ivan"]
[Black "Valmana Canto, Jaime"]
[Result "1-0"]
[BlackTitle "FM"]
[WhiteElo "2164"]
[BlackElo "2389"]
[WhiteFideId "2229528"]
[BlackFideId "2268990"]
[EventDate "2016.08.14"]

1. e4 e5 2. Nf3 Nc6 3. Bb5 a6 4. Ba4 Nge7 5. O-O g6 6. d4 exd4 7. Nxd4 Bg7 8. c3
O-O 9. Bg5 h6 10. Nxc6 bxc6 11. Bh4 Rb8 12. Qe2 a5 13. Na3 g5 14. Bg3 f5 15.
exf5 Nxf5 16. Rad1 Qf6 17. Bxc7 Ra8 18. Rfe1 Ba6 19. Qc2 d6 20. Bxc6 Rac8 21.
Bd5+ Kh8 22. Bxa5 Rc5 23. Bb4 Rxd5 24. Rxd5 Nh4 25. Rxd6 Qf7 26. Rxa6 Qb7 27.
Qe4 Qxa6 28. Bxf8 Bxf8 29. g3 Ng6 30. Nc4 Bg7 31. Qe6 Bf8 1-0

[Event "81st ch-ESP Rapid 2016"]
[Site "Linares ESP"]
[Date "2016.08.14"]
[Round "4.19"]
[White "Espinosa Aranda, Angel"]
[Black "Ramirez Medina, Victor"]
[Result "1-0"]
[WhiteTitle "IM"]
[WhiteElo "2422"]
[BlackElo "2209"]
[WhiteFideId "2278189"]
[BlackFideId "22286942"]
[EventDate "2016.08.14"]

1. e4 c5 2. Nc3 d6 3. Nge2 Nc6 4. g3 g6 5. d4 cxd4 6. Nxd4 Bg7 7. Nb3 Nf6 8. Bg2
O-O 9. O-O Be6 10. Re1 Rc8 11. Nd5 Ne5 12. a4 Bg4 13. f3 Bd7 14. a5 Nxd5 15.
exd5 Bf5 16. Nd4 Bd7 17. b3 Rc5 18. c4 Rxa5 19. Be3 Rxa1 20. Qxa1 a6 21. Qc3 Qc8
22. Qd2 b5 23. cxb5 axb5 24. f4 Ng4 25. Nc6 Bxc6 26. dxc6 Nxe3 27. Qxe3 e6 28.
Qb6 Qb8 29. Qb7 Bd4+ 30. Kf1 d5 31. Rc1 Rc8 32. Qxb8 Rxb8 33. Bf3 Rc8 34. Be2 b4
35. Ba6 Rc7 36. Ke2 Kf8 37. Kd3 Bc3 38. Bb7 Ke7 39. Rc2 Kd6 40. Ra2 f6 41. Ra8
e5 42. Rd8+ Kc5 43. Rd7 Kb6 44. Rxd5 exf4 45. gxf4 Re7 46. Rd8 Rg7 47. Kc4 g5
48. fxg5 fxg5 49. Rd5 h5 50. Rb5+ Kc7 51. Ba8 Kd6 52. Rd5+ Kc7 53. Rb5 Kd6 54.
Rb8 Be1 55. Rh8 h4 56. h3 Bc3 57. Kb5 Re7 58. Rg8 Re5+ 59. Kb6 Bd4+ 60. Ka6 Re7
61. Rd8+ Ke5 62. c7 Rxc7 63. Rd5+ Kf4 64. Rxd4+ Kg3 65. Rg4+ Kxh3 66. Rxg5 Rc3
67. Bd5 Rd3 68. Kb5 Rd4 69. Bc4 Kh2 70. Kxb4 h3 71. Kc5 Rd2 72. b4 Rg2 73. Rh5
Rc2 74. b5 Kg2 75. b6 1-0

[Event "81st ch-ESP Rapid 2016"]
[Site "Linares ESP"]
[Date "2016.08.14"]
[Round "4.20"]
[White "Rodriguez Guerrero, Enrique"]
[Black "Silva Lucena, Cristian"]
[Result "1-0"]
[WhiteElo "2426"]
[BlackElo "2230"]
[WhiteFideId "2216892"]
[BlackFideId "2232588"]
[EventDate "2016.08.14"]

1. e4 c5 2. Nf3 d6 3. d4 cxd4 4. Nxd4 Nf6 5. Nc3 a6 6. Qe2 g6 7. Be3 Bg7 8. f3
Qc7 9. O-O-O b5 10. Kb1 O-O 11. g4 Be6 12. g5 Bc4 13. Qf2 Nfd7 14. h4 Ne5 15. h5
Nbd7 16. Bh3 b4 17. Nd5 Bxd5 18. exd5 Nc4 19. hxg6 hxg6 20. Bc1 Rab8 21. Nc6
Nde5 22. Nxb8 Rxb8 23. Rh2 Na3+ 24. Ka1 Nec4 25. Rd3 Qa5 26. Qe1 Nb5 27. f4 Nc3
28. Rxc3 Bxc3 29. Qg3 Nxb2 30. Bxb2 Qa3 31. Qxc3 Qxc3 32. Bxc3 bxc3 33. Bf1 Rb4
34. Rf2 Rd4 35. Bd3 Rxd5 36. a3 a5 37. Re2 e6 38. Ka2 Kf8 39. Kb3 Rc5 40. Re4
Ke7 41. Rc4 Rb5+ 42. Kxc3 Rb1 43. Rc7+ Ke8 44. Ra7 Rg1 45. Kd4 e5+ 46. fxe5
dxe5+ 47. Kxe5 Rxg5+ 48. Ke4 1-0

[Event "81st ch-ESP Rapid 2016"]
[Site "Linares ESP"]
[Date "2016.08.14"]
[Round "4.21"]
[White "Collado Barbas, Laura"]
[Black "Pardo Simon, David"]
[Result "0-1"]
[WhiteTitle "WFM"]
[BlackTitle "IM"]
[WhiteElo "2113"]
[BlackElo "2492"]
[WhiteFideId "2294907"]
[BlackFideId "2296276"]
[EventDate "2016.08.14"]

1. d4 d6 2. c4 g6 3. Nf3 Bg7 4. Nc3 Nc6 5. h3 e5 6. d5 Nce7 7. e4 f5 8. Bd3 Nf6
9. Bd2 O-O 10. Qc1 a6 11. a4 f4 12. Qd1 h6 13. Qe2 g5 14. g4 fxg3 15. fxg3 Nh5
16. Qg2 Qe8 17. O-O-O Bd7 18. b3 c6 19. Be2 cxd5 20. exd5 b5 21. cxb5 axb5 22.
Bxb5 Bxb5 23. Nxb5 Rc8+ 24. Bc3 e4 25. Nfd4 Nxd5 26. Kb2 Nxc3 27. Nxc3 Rf3 28.
Nxf3 exf3 29. Qxf3 Rxc3 30. Qd5+ Kh8 31. Ka3 Nf6 32. Qb7 d5 33. Rhe1 Qf8+ 34.
Qb4 Qc8 35. Qb6 Bf8+ 36. Kb2 Rc2+ 37. Kb1 Qc3 0-1

[Event "81st ch-ESP Rapid 2016"]
[Site "Linares ESP"]
[Date "2016.08.14"]
[Round "4.22"]
[White "Cruz Lledo, Pablo"]
[Black "Martinez Piqueras, Carlos"]
[Result "1-0"]
[WhiteTitle "FM"]
[WhiteElo "2414"]
[BlackElo "2112"]
[WhiteFideId "2297361"]
[BlackFideId "2273381"]
[EventDate "2016.08.14"]

1. d4 Nf6 2. c4 g6 3. Nc3 Bg7 4. e4 O-O 5. Nge2 d6 6. Ng3 c5 7. d5 e6 8. Be2
exd5 9. cxd5 h5 10. O-O Re8 11. f3 Na6 12. Be3 Nc7 13. Qd2 Qe7 14. Rab1 h4 15.
Nh1 b5 16. b4 c4 17. Nf2 h3 18. g3 a5 19. bxa5 Rxa5 20. Bb6 Ra6 21. Bxc7 Qxc7
22. Nxb5 Qc5 23. Rfc1 Ra4 24. Qc2 Rxe4 25. fxe4 1-0

[Event "81st ch-ESP Rapid 2016"]
[Site "Linares ESP"]
[Date "2016.08.14"]
[Round "4.23"]
[White "Lopez Guerrero, Jose Miguel"]
[Black "Suarez Uriel, Adrian"]
[Result "0-1"]
[BlackTitle "FM"]
[WhiteElo "2115"]
[BlackElo "2311"]
[WhiteFideId "2265567"]
[BlackFideId "22230874"]
[EventDate "2016.08.14"]

1. e4 c5 2. Nf3 d6 3. Bb5+ Nd7 4. a4 Nf6 5. Qe2 e5 6. c3 a6 7. Bc4 Be7 8. d4
cxd4 9. cxd4 O-O 10. h3 Nb6 11. Bd3 d5 12. dxe5 dxe4 13. exf6 Bb4+ 14. Kf1 exd3
15. Qe4 a5 16. Qh4 Qxf6 17. Qxf6 gxf6 18. Bh6 Re8 19. Nbd2 Bd7 20. h4 Nxa4 21.
Rxa4 Bxa4 22. Rh3 Bf8 23. Be3 Rac8 24. Kg1 Rc1+ 25. Kh2 Bd6+ 26. g3 Bc6 27. h5
Rc2 28. Nd4 Rxe3 0-1

[Event "81st ch-ESP Rapid 2016"]
[Site "Linares ESP"]
[Date "2016.08.14"]
[Round "4.24"]
[White "Martinez Reyes, Pedro Ramon"]
[Black "Jimenez Almeida, Luis David"]
[Result "1/2-1/2"]
[WhiteTitle "FM"]
[WhiteElo "2365"]
[BlackElo "2212"]
[WhiteFideId "3901807"]
[BlackFideId "22242244"]
[EventDate "2016.08.14"]

1. e4 e6 2. c4 d5 3. exd5 exd5 4. cxd5 Nf6 5. Nc3 Nxd5 6. Bc4 Nb6 7. Bb3 Be7 8.
Nf3 O-O 9. O-O Bg4 10. h3 Bh5 11. d4 c6 12. g4 Bg6 13. Ne5 N8d7 14. f4 Nxe5 15.
dxe5 Bc5+ 16. Kg2 Bd3 17. Rf3 Bc4 18. Be3 Bxe3 19. Rxe3 Qe7 20. Qd6 Qh4 21. Qb4
Bxb3 22. Qxb3 Rad8 23. Rd1 Rxd1 24. Qxd1 Qh6 25. Qd4 Qe6 26. b3 h6 27. f5 Qe7
28. e6 fxe6 29. Rxe6 Qd7 30. Qxd7 Nxd7 31. Ne4 a5 32. Re7 Rd8 33. Kf3 b5 34. Kf4
c5 35. Nd6 Nb6 36. Re6 c4 37. Nxb5 Nd5+ 38. Ke5 c3 39. Rc6 Nb4 40. Rxc3 Rd5+ 41.
Ke6 Rxb5 42. Rc8+ Kh7 43. h4 Rb6+ 44. Kf7 Rb7+ 45. Ke6 Rb6+ 46. Ke5 Nxa2 47. g5
hxg5 48. hxg5 Rxb3 49. Rc2 Rb5+ 50. Kf4 Rb4+ 51. Ke5 Rb5+ 52. Kf4 Rb4+ 53. Kg3
Rb3+ 54. Kg4 Nc3 55. Rd2 Kg8 56. Rd8+ Kf7 57. g6+ Ke7 58. Rg8 Rb4+ 59. Kh5 Kf6
60. Rf8+ Ke5 61. f6 gxf6 62. g7 Rb1 63. Ra8 Rh1+ 64. Kg6 Rg1+ 65. Kh6 Rh1+ 66.
Kg6 Rg1+ 67. Kh6 Rh1+ 68. Kg6 Rg1+ 69. Kf7 Rxg7+ 70. Kxg7 a4 71. Ra5+ Ke6 72.
Rc5 Nd5 73. Rc4 a3 74. Ra4 f5 75. Kg6 f4 76. Kg5 Ke5 77. Rxa3 Ke4 78. Ra4+ Ke3
79. Ra3+ Ke4 80. Kg4 Ne3+ 81. Kh3 Kf3 82. Ra4 Nd5 83. Rd4 Nf6 84. Kh2 Ng4+ 85.
Kg1 Kg3 86. Rd3+ Ne3 87. Ra3 Kf3 88. Ra2 Kg3 89. Ra3 Kf3 90. Ra4 Kg3 91. Re4 Kf3
92. Re8 Kg3 93. Rg8+ Kf3 94. Rg7 Nf5 95. Rh7 Kg3 96. Kf1 f3 97. Rh1 f2 98. Ke2
Kg2 99. Rh2+ Kxh2 100. Kxf2 1/2-1/2

[Event "81st ch-ESP Rapid 2016"]
[Site "Linares ESP"]
[Date "2016.08.14"]
[Round "4.25"]
[White "Suarez Triguero, Jose Alfonso"]
[Black "Ladron De Guevara Pinto, Paolo"]
[Result "0-1"]
[BlackTitle "FM"]
[WhiteElo "2100"]
[BlackElo "2369"]
[WhiteFideId "2231204"]
[BlackFideId "2290847"]
[EventDate "2016.08.14"]

1. e4 e5 2. Bc4 Nf6 3. Nc3 c6 4. d4 b5 5. dxe5 bxc4 6. exf6 Qxf6 7. Nf3 Bb4 8.
O-O O-O 9. e5 Qg6 10. Bf4 Na6 11. Qe2 Bxc3 12. bxc3 Nc7 13. Rfd1 Nd5 14. Qxc4
Qxc2 15. Rdc1 Qf5 16. Bg3 a5 17. Nd4 Qg6 18. Qc5 h5 19. Nf3 a4 20. c4 Nc7 21.
Qd6 Qxd6 22. exd6 Ne6 23. h4 f6 24. Rd1 Ba6 25. c5 Be2 26. Re1 Bxf3 27. Rxe6
dxe6 28. gxf3 Ra5 29. Rd1 Rd8 30. d7 Ra7 31. Rd6 Rdxd7 32. Rxc6 e5 33. f4 Rdc7
34. Rxc7 Rxc7 35. fxe5 Rxc5 36. e6 Rc1+ 37. Kg2 Re1 0-1

[Event "81st ch-ESP Rapid 2016"]
[Site "Linares ESP"]
[Date "2016.08.14"]
[Round "4.26"]
[White "Iglesias Valle, Julian"]
[Black "Fernandez Borrego, Pablo"]
[Result "0-1"]
[BlackTitle "FM"]
[WhiteElo "2073"]
[BlackElo "2430"]
[WhiteFideId "2215802"]
[BlackFideId "2258285"]
[EventDate "2016.08.14"]

1. d4 e6 2. Nf3 c5 3. dxc5 Bxc5 4. e4 Nf6 5. Bd3 d6 6. O-O O-O 7. Bg5 Nbd7 8. c3
a6 9. Nbd2 b5 10. c4 b4 11. Qe2 e5 12. Bc2 Qc7 13. Ba4 Bb7 14. Bxd7 Nxd7 15. Nh4
f6 16. Be3 Bxe3 17. Qxe3 Nc5 18. Rad1 Rad8 19. Nf5 g6 20. Nh4 Qe7 21. Nhf3 f5
22. exf5 Rxf5 23. Ne1 Rdf8 24. Nd3 Ne6 25. Nxb4 Nf4 26. Ne4 Nxg2 27. Kxg2 Qg5+
28. Qxg5 Rxg5+ 29. Kh3 Bc8+ 30. Kh4 Rg4+ 31. Kh3 Rg1+ 32. Kh4 Rf4# 0-1

[Event "81st ch-ESP Rapid 2016"]
[Site "Linares ESP"]
[Date "2016.08.14"]
[Round "4.27"]
[White "Montoliu Cervero, Francisco"]
[Black "Queirolo Perez, Manuel"]
[Result "0-1"]
[WhiteTitle "FM"]
[WhiteElo "2346"]
[BlackElo "2096"]
[WhiteFideId "2214814"]
[BlackFideId "3401219"]
[EventDate "2016.08.14"]

1. e4 c5 2. Nf3 Nc6 3. d4 cxd4 4. Nxd4 Qb6 5. Nb3 g6 6. Be3 Qb4+ 7. N1d2 Bg7 8.
c3 Qd6 9. Qc2 Qc7 10. h3 Nf6 11. Bd3 a6 12. a4 d6 13. a5 Bd7 14. Nc4 O-O 15. Nb6
Rab8 16. O-O Ne5 17. Be2 Bc6 18. Nd2 Ned7 19. f4 Nxb6 20. Bxb6 Qc8 21. Rae1 Nd7
22. Bg4 e6 23. Ba7 Ra8 24. Be3 Qd8 25. b4 Bb5 26. c4 Rc8 27. Qd3 Ba4 28. Bd4 Nf6
29. Bf3 d5 30. exd5 exd5 31. Qc3 Bb5 32. Bc5 Ne4 33. Qe3 Nxc5 34. cxb5 Ne6 35.
Kh1 Rc3 36. Qa7 Rc2 37. Rd1 Nxf4 38. bxa6 bxa6 39. Qxa6 Qh4 40. Qa7 Nxh3 41.
gxh3 Qxh3+ 42. Kg1 Qh4 43. Qd7 Bd4+ 44. Kg2 Qg5+ 45. Kh1 Rxd2 46. Rxd2 Qxd2 47.
Bxd5 Qh6+ 48. Kg2 Qg5+ 49. Kh1 Qh5+ 50. Kg2 Qe2+ 51. Kg3 Qxf1 52. Bxf7+ Qxf7 0-1

[Event "81st ch-ESP Rapid 2016"]
[Site "Linares ESP"]
[Date "2016.08.14"]
[Round "4.28"]
[White "Meneses Gonzalez, Kevin Moises"]
[Black "Sanz Losada, Victoriano"]
[Result "0-1"]
[WhiteTitle "FM"]
[BlackTitle "CM"]
[WhiteElo "2337"]
[BlackElo "2020"]
[WhiteFideId "2284502"]
[BlackFideId "2202808"]
[EventDate "2016.08.14"]

1. e4 c5 2. Nf3 d6 3. d4 cxd4 4. Qxd4 Nc6 5. Bb5 Bd7 6. Bxc6 Bxc6 7. Nc3 Nf6 8.
Bg5 e6 9. Qe3 Be7 10. O-O-O Qa5 11. Kb1 O-O 12. h3 Rfc8 13. Nd4 b5 14. Nxc6 Rxc6
15. Ne2 Rac8 16. Nd4 Ra6 17. Qb3 Nxe4 18. Bxe7 Nd2+ 19. Rxd2 Qxd2 20. Qxb5 Rb6
21. Qd7 Rxb2+ 22. Ka1 Rbxc2 23. Nxc2 Qc3+ 24. Kb1 Qxc2+ 25. Ka1 Qc3+ 26. Kb1
Rb8+ 0-1

[Event "81st ch-ESP Rapid 2016"]
[Site "Linares ESP"]
[Date "2016.08.14"]
[Round "4.29"]
[White "Domingo Nunez, Alejandro"]
[Black "Tejedor Fuente, Enrique"]
[Result "1-0"]
[WhiteTitle "FM"]
[BlackTitle "FM"]
[WhiteElo "2344"]
[BlackElo "2377"]
[WhiteFideId "22245561"]
[BlackFideId "2299100"]
[EventDate "2016.08.14"]

1. e4 e6 2. Nf3 d5 3. Nc3 Nf6 4. e5 Nfd7 5. d4 c5 6. dxc5 Nc6 7. Bf4 Nxc5 8. Bd3
Be7 9. h4 Nxd3+ 10. cxd3 f6 11. d4 O-O 12. exf6 gxf6 13. Qd2 Bd7 14. Rh3 Kh8 15.
Rg3 Rg8 16. Kf1 Rc8 17. Re1 Rxg3 18. Bxg3 Qg8 19. Qf4 Qg6 20. Kg1 Qg7 21. Re2
Na5 22. h5 Nc4 23. h6 Qf8 24. Bh4 Rc6 25. b3 Nb6 26. Re3 Rc8 27. Ne5 Be8 28. Rf3
Nd7 29. Nxd7 Bxd7 30. Bxf6+ Qxf6 31. Qxf6+ Bxf6 32. Rxf6 Kg8 33. Ne2 Rc2 34. Nf4
Rxa2 35. Nd3 Ra1+ 36. Kh2 Rd1 37. Ne5 Bb5 38. Rf7 Bd3 39. Rxb7 Kf8 40. Rf7+ Ke8
41. Rxa7 Bf5 42. g4 Bc2 43. Ra8+ Ke7 44. Ra7+ Ke8 45. Ra8+ Ke7 46. Ra7+ Ke8 47.
Nc6 Rd2 48. Kg2 Rd3 49. Rxh7 Rc3 50. Re7+ Kf8 51. Rxe6 Be4+ 52. Kf1 Bf3 53. h7
Kg7 54. Re7+ Kh8 55. Nd8 Rc1+ 56. Re1 Rc7 57. Ne6 Re7 58. g5 Bg4 59. Nf4 Rb7 60.
g6 Kg7 61. Re8 Kf6 62. h8=Q+ Kg5 63. Qe5+ Bf5 64. Rf8 Kg4 65. Qxf5+ 1-0

[Event "81st ch-ESP Rapid 2016"]
[Site "Linares ESP"]
[Date "2016.08.14"]
[Round "4.30"]
[White "Almagro Mazariegos, Sebastian"]
[Black "Anaya Lopez, Gonzalo Javier"]
[Result "0-1"]
[WhiteTitle "FM"]
[WhiteElo "2303"]
[BlackElo "1984"]
[WhiteFideId "2221640"]
[BlackFideId "22200053"]
[EventDate "2016.08.14"]

1. e4 e6 2. d4 d5 3. Nd2 Nc6 4. Ngf3 Nf6 5. e5 Nd7 6. Be2 f6 7. exf6 Qxf6 8. Nf1
Bd6 9. Ne3 O-O 10. O-O h6 11. c4 Ne7 12. b3 c6 13. Bb2 Ng6 14. g3 Bc7 15. Qd3
Ne7 16. Rac1 Rd8 17. Ba3 Nf8 18. Ng4 Qf7 19. Nge5 Qf6 20. Ng4 Qf7 21. Nfe5 Qe8
22. Bxe7 Qxe7 23. Ng6 Qg5 24. Nxf8 Rxf8 25. f4 Qe7 26. c5 Bd7 27. Bd1 Qf7 28.
Bc2 Qf5 29. Qe2 Qf7 30. Ne5 Bxe5 31. fxe5 Qe7 32. Qd3 g5 33. Rf6 Rxf6 34. exf6
Qf7 35. Rf1 Rf8 36. Qe3 Qh5 37. Qe5 Qg4 38. Kg2 Be8 39. h3 Qh5 40. Qxe6+ Qf7 41.
Qe5 Bd7 42. Qe7 Qxe7 43. fxe7 Rxf1 44. Kxf1 Bxh3+ 45. Kf2 Kf7 46. Kf3 Be6 47.
Bg6+ Kxe7 48. b4 Bd7 49. a4 Kf6 50. Bh5 Bf5 51. Be8 Ke7 52. Bh5 Bc2 53. a5 Bd1+ 0-1

[Event "81st ch-ESP Rapid 2016"]
[Site "Linares ESP"]
[Date "2016.08.14"]
[Round "4.31"]
[White "Lopez Gonzalez, Daniel"]
[Black "Redondo Benavente, Ana"]
[Result "1-0"]
[BlackTitle "WFM"]
[WhiteElo "2279"]
[BlackElo "2088"]
[WhiteFideId "2231948"]
[BlackFideId "32021674"]
[EventDate "2016.08.14"]

1. d4 d5 2. c4 e6 3. Nc3 c6 4. Nf3 dxc4 5. a4 Bb4 6. e3 b5 7. Bd2 Bxc3 8. Bxc3
a5 9. axb5 cxb5 10. b3 Bb7 11. bxc4 b4 12. Bb2 Nf6 13. Bd3 O-O 14. O-O Nbd7 15.
Qc2 h6 16. e4 1-0

[Event "81st ch-ESP Rapid 2016"]
[Site "Linares ESP"]
[Date "2016.08.14"]
[Round "4.32"]
[White "Vega Gomez, Francisco B."]
[Black "Guillo Longares, Cecilia"]
[Result "1-0"]
[WhiteElo "2257"]
[BlackElo "1845"]
[WhiteFideId "2268086"]
[BlackFideId "32082681"]
[EventDate "2016.08.14"]

1. Nf3 g6 2. d4 Nf6 3. g3 c5 4. Bg2 Bg7 5. O-O O-O 6. c4 d6 7. dxc5 dxc5 8. Qxd8
Rxd8 9. Ne5 Nfd7 10. Nxd7 Nxd7 11. Rd1 Rb8 12. Nc3 b6 13. Bc6 Bd4 14. e3 Be5 15.
f4 Bd6 16. Nb5 Nf6 17. Nxa7 Bg4 18. Re1 e5 19. b3 exf4 20. gxf4 Bf8 21. Bb2 Bg7
22. Be5 Nh5 23. Bxb8 Bxa1 24. Bc7 Bc3 25. Bxd8 Bxe1 26. Bxb6 Bb4 27. Nb5 Bf5 28.
a3 Bd2 29. Bxc5 Bc2 30. b4 Bd3 31. Nd6 Nf6 32. h3 h6 33. b5 g5 34. fxg5 hxg5 35.
b6 g4 36. b7 gxh3 37. b8=Q+ Kg7 38. Bd4 1-0

[Event "81st ch-ESP Rapid 2016"]
[Site "Linares ESP"]
[Date "2016.08.14"]
[Round "5.1"]
[White "Munoz, Miguel"]
[Black "Vallejo Pons, Francisco"]
[Result "1/2-1/2"]
[WhiteTitle "GM"]
[BlackTitle "GM"]
[WhiteElo "2451"]
[BlackElo "2713"]
[WhiteFideId "3800229"]
[BlackFideId "2205530"]
[EventDate "2016.08.14"]

1. e4 e5 2. d4 exd4 3. Qxd4 Nc6 4. Qe3 Nf6 5. Bd2 Bb4 6. Nc3 O-O 7. O-O-O Re8 8.
Bc4 d6 9. f3 Ne5 10. Bb3 a5 11. a3 Bc5 12. Qe1 b5 13. a4 b4 14. Nce2 Be6 15.
Bxe6 fxe6 16. b3 Nc6 17. Kb1 e5 18. Bc1 Qb8 19. Ng3 Bxg1 20. Rxg1 Nd4 21. Nf1 c5
22. Ne3 Rf8 23. Rf1 Nd7 24. Qd2 Nb6 25. Qd3 Qe8 26. Bb2 Rc8 27. Nc4 Nxc4 28.
Qxc4+ Kh8 29. f4 h6 30. f5 Qf7 1/2-1/2

[Event "81st ch-ESP Rapid 2016"]
[Site "Linares ESP"]
[Date "2016.08.14"]
[Round "5.2"]
[White "Arizmendi Martinez, Julen Luis"]
[Black "Salgado Lopez, Ivan"]
[Result "0-1"]
[WhiteTitle "GM"]
[BlackTitle "GM"]
[WhiteElo "2496"]
[BlackElo "2651"]
[WhiteFideId "2205092"]
[BlackFideId "2257327"]
[EventDate "2016.08.14"]

1. d4 Nf6 2. c4 e6 3. Nc3 Bb4 4. e3 c5 5. Ne2 cxd4 6. exd4 O-O 7. a3 Be7 8. Nf4
d6 9. Be2 Nbd7 10. O-O Re8 11. Be3 Bf8 12. Qc2 a6 13. Nh5 Nxh5 14. Bxh5 Qc7 15.
Qd3 b6 16. Bf3 Bb7 17. Bxb7 Qxb7 18. Rac1 Rac8 19. Rfe1 h6 20. Bf4 Nf6 21. b4
Qc6 22. Nb1 Red8 23. h3 Qa4 24. Nd2 b5 25. cxb5 axb5 26. Qb3 Nd5 27. Be3 Qa6 28.
Ne4 Rc4 29. Nd2 Rcc8 30. Ne4 Ra8 31. Nc3 Nxe3 32. fxe3 Qxa3 33. Qxa3 Rxa3 34.
Nxb5 Ra4 35. d5 e5 36. Rc7 Rxb4 37. Na7 Rb2 38. Nc6 Ra8 39. Rf1 Raa2 40. Rfxf7
Rxg2+ 41. Kf1 Rgd2 42. Kg1 Rxd5 43. Rf1 Rdd2 44. Rb1 Rg2+ 45. Kh1 Rh2+ 46. Kg1
Rxh3 47. Rc8 Rg3+ 48. Kh1 Rf2 49. Rbb8 Rxe3 0-1

[Event "81st ch-ESP Rapid 2016"]
[Site "Linares ESP"]
[Date "2016.08.14"]
[Round "5.3"]
[White "Vazquez Igarza, Renier"]
[Black "Alonso Rosell, Alvar"]
[Result "1-0"]
[WhiteTitle "GM"]
[BlackTitle "GM"]
[WhiteElo "2589"]
[BlackElo "2524"]
[WhiteFideId "3503054"]
[BlackFideId "2270544"]
[EventDate "2016.08.14"]

1. d4 d5 2. c4 e6 3. Nc3 Bb4 4. cxd5 exd5 5. Nf3 Nf6 6. Bg5 Qd6 7. Nd2 O-O 8. e3
Re8 9. Bxf6 Bxc3 10. bxc3 Qxf6 11. Be2 Bf5 12. Qb3 Qb6 13. O-O Nd7 14. Qxd5 Be6
15. Qb5 Nb8 16. Nb1 Qxd4 17. cxd4 Bc8 1-0

[Event "81st ch-ESP Rapid 2016"]
[Site "Linares ESP"]
[Date "2016.08.14"]
[Round "5.4"]
[White "Diaz Velandia, Jose Manuel"]
[Black "Anton Guijarro, David"]
[Result "0-1"]
[WhiteTitle "FM"]
[BlackTitle "GM"]
[WhiteElo "2343"]
[BlackElo "2627"]
[WhiteFideId "3901939"]
[BlackFideId "2285525"]
[EventDate "2016.08.14"]

1. d4 Nf6 2. Nf3 b6 3. e3 Bb7 4. Bd3 e6 5. O-O d5 6. Ne5 Bd6 7. f4 O-O 8. Nd2
Ne4 9. Qh5 f6 10. Nef3 Qe8 11. Qh3 Nd7 12. c3 c5 13. f5 exf5 14. Qxf5 g6 15. Qh3
f5 16. c4 Qe7 17. cxd5 Bxd5 18. Bc4 Bxc4 19. Nxc4 Bc7 20. b3 b5 21. Na3 a6 22.
Bb2 cxd4 23. Nxd4 Ne5 24. Rac1 Bd6 25. Nac2 Ng5 26. Qh6 Ng4 27. Qh4 Bxh2+ 28.
Kh1 Ne4 29. Ra1 0-1

[Event "81st ch-ESP Rapid 2016"]
[Site "Linares ESP"]
[Date "2016.08.14"]
[Round "5.5"]
[White "Huerga Leache, Mikel"]
[Black "Ibarra Jerez, Jose Carlos"]
[Result "1-0"]
[WhiteTitle "IM"]
[BlackTitle "GM"]
[WhiteElo "2455"]
[BlackElo "2563"]
[WhiteFideId "2268795"]
[BlackFideId "2226332"]
[EventDate "2016.08.14"]

1. Nf3 d6 2. d4 Nf6 3. g3 Bf5 4. Bg2 Nbd7 5. O-O h6 6. b3 c6 7. Bb2 Qc7 8. Nbd2
e5 9. dxe5 dxe5 10. Nc4 O-O-O 11. Qe1 Re8 12. Rc1 g5 13. Qa5 Qxa5 14. Nxa5 g4
15. Ne1 Ne4 16. Nd3 Nd6 17. Rfd1 Kc7 18. c4 f6 19. b4 h5 20. a4 Bh6 21. e3 Ne4
22. b5 c5 23. Nb3 b6 24. a5 Ng5 25. Kf1 Nf3 26. Ra1 Kb8 27. axb6 axb6 28. Ke2
Re7 29. Ne1 e4 30. Rd6 Be6 31. Nd2 Kc7 32. Rc6+ Kb7 33. Bxf3 gxf3+ 34. Kd1 Bf7
35. Ra6 Bg7 36. Rd6 Kc7 37. Rc6+ Kb7 38. Rd6 Bg6 39. h4 Ra8 40. Rxa8 Kxa8 41.
Nc2 Kb7 42. Na3 Kc7 43. Rc6+ Kb7 44. Rd6 Nb8 45. Bxf6 Bxf6 46. Rxf6 Bh7 47. Nab1
Nd7 48. Rh6 Ne5 49. Nc3 Ng4 50. Nd5 Nxh6 51. Nxe7 Ng4 52. Ke1 Ne5 53. Kf1 Kc7
54. Nd5+ Kb7 55. Nf6 Bg6 56. Nfxe4 Bxe4 57. Nxe4 Nxc4 58. g4 hxg4 59. h5 Ne5 60.
h6 Nf7 61. h7 Kc7 62. Kg1 Kd7 63. Nd2 Ke6 64. Nc4 Kf6 65. Nxb6 Kg7 66. Nc4 Nd8
67. Na5 Kxh7 68. b6 Kg6 69. b7 Nxb7 70. Nxb7 c4 71. Nc5 c3 72. Kf1 c2 73. Nd3
Kf5 74. Ke1 Kg5 75. Kd2 g3 76. fxg3 Kg4 77. Kxc2 Kxg3 78. Kc3 Kg4 79. Kd4 1-0

[Event "81st ch-ESP Rapid 2016"]
[Site "Linares ESP"]
[Date "2016.08.14"]
[Round "5.6"]
[White "Del Rio De Angelis, Salvador G."]
[Black "Matnadze, Ana"]
[Result "1-0"]
[WhiteTitle "GM"]
[BlackTitle "IM"]
[WhiteElo "2522"]
[BlackElo "2355"]
[WhiteFideId "2203138"]
[BlackFideId "13601377"]
[EventDate "2016.08.14"]

1. d4 Nf6 2. Nf3 e6 3. e3 b6 4. Bd3 Bb7 5. O-O g6 6. Nbd2 d5 7. b3 Bg7 8. Ba3
Nbd7 9. Rc1 c5 10. c4 O-O 11. cxd5 Nxd5 12. Ne4 Nb4 13. Bxb4 cxb4 14. Nd6 Bxf3
15. Qxf3 Nf6 16. Rc6 Nd5 17. Rfc1 Ne7 18. Nb7 Qb8 19. Rd6 Nd5 20. Rxd5 Qxb7 21.
Rd6 Qxf3 22. gxf3 Rfc8 23. Rdc6 Rd8 24. f4 Bf8 25. Be4 Rab8 26. Rc7 a5 27. Kf1
Bd6 28. R7c6 Kf8 29. Ke2 Ke7 30. Bd3 h6 31. Kf3 g5 32. f5 e5 33. dxe5 Bxe5 34.
Be4 Rd2 35. Rxh6 Bc3 36. a4 g4+ 37. Kg2 Rh8 38. Rxb6 Be5 39. f6+ Kd8 40. Bf5 Bc3
41. Rc6 Rd7 42. Bxd7 Kxd7 43. Rc5 Ke6 44. Rxa5 Rh6 45. Rc5 Kd6 46. R5xc3 bxc3
47. Rxc3 Rxf6 48. Rc4 Rg6 49. a5 Kd5 50. Ra4 f5 51. a6 1-0

[Event "81st ch-ESP Rapid 2016"]
[Site "Linares ESP"]
[Date "2016.08.14"]
[Round "5.7"]
[White "Alvarado Diaz, Alejandro"]
[Black "Ljubojevic, Ljubomir"]
[Result "0-1"]
[WhiteTitle "IM"]
[BlackTitle "GM"]
[WhiteElo "2441"]
[BlackElo "2571"]
[WhiteFideId "2276119"]
[BlackFideId "900010"]
[EventDate "2016.08.14"]

1. g3 d5 2. Bg2 e5 3. d4 e4 4. Nh3 Bd6 5. c4 c6 6. Nc3 Ne7 7. O-O O-O 8. Qb3
dxc4 9. Qxc4 Be6 10. Qa4 f5 11. Ng5 Bf7 12. Nxf7 Rxf7 13. f3 exf3 14. Bxf3 Nd7
15. Bg5 Qb6 16. Kh1 Qxb2 17. Rfc1 Qb4 18. Qd1 Qa5 19. Rab1 Nb6 20. Bxe7 Bxe7 21.
Qb3 Rd8 22. e3 Qa3 23. Qc2 Bg5 24. Rb3 Qe7 25. Nd1 Nd5 26. Rcb1 Qe6 27. a4 b6
28. a5 b5 29. Rc1 Rf6 30. Qd3 a6 31. Rc2 Re8 32. Re2 Qf7 33. Kg2 h5 34. Rbb2 h4
35. e4 fxe4 36. Bxe4 Rf8 37. Nc3 Ne3+ 38. Rxe3 Rf2+ 39. Kh3 Qd7+ 40. g4 Bxe3 41.
Qxe3 Rxb2 42. d5 Rff2 43. Nb1 0-1